00270nam a22001097a 4500003000400000082001800004100001900022245005300041260002500094300000800119650003300127SGT a617.522bI25S aSangma, Alaida aImmunosuppression and its impact on Oral Health  bSGT Universityc2025 a160 aOral & Maxillofacial Surgery